Philosophy and religion ; six lectures, delivered at Cambridge /

Bibliographic Details
Main Author: Rashdall, Hastings, 1858-1924
Format: Book
Language:English
Published: London : Duckworth & co., 1909.
Series:Studies in theology (London, Eng.)
Subjects:

MARC

Tag First Indicator Second Indicator Subfields
LEADER 00000cam a2200000 4500
001 in00000060013
005 20151008051036.0
008 770510s1909 enk 00010 eng
010 |a  10010574  
035 |a (OCoLC)02952607 
035 |9 AAG5251AM 
040 |a DLC  |c VZK  |d TXA  |d UtOrBLW 
049 |a TXAM  |c [403021] 
050 0 |a B56  |b .R3 
092 |a 201  |b R224p 
100 1 |a Rashdall, Hastings,  |d 1858-1924. 
245 1 0 |a Philosophy and religion ;  |b six lectures, delivered at Cambridge /  |c by Hastings Rashdall. 
264 1 |a London :  |b Duckworth & co.,  |c 1909. 
300 |a xvi, 189 pages ;  |c 19 cm. 
336 |a text  |b txt  |2 rdacontent 
337 |a unmediated  |b n  |2 rdamedia 
338 |a volume  |b nc  |2 rdacarrier 
490 1 |a Studies in theology 
504 |a "Literature" at end of the chapters. 
505 0 |a Preface.--I. Mind and matter.--II. The universal cause.--III. God and the moral consciousness.--IV. Difficulties and objections.--V. Revelation.--VI. Christianity. 
650 0 |a Philosophy and religion. 
650 0 |a Christianity. 
830 0 |a Studies in theology (London, Eng.) 
999 |a MARS 
999 f f |s c759febb-ef37-3f34-ab24-5a7f2cda8b9f  |i 60d4eeee-2f34-3ec1-954b-c23117e5c825  |t 0 
952 f f |p normal  |a Texas A&M University  |b College Station  |c Sterling C. Evans Library  |d Evans: Library Stacks  |t 0  |e B56 .R3  |h Library of Congress classification  |i unmediated -- volume  |m A14800598288 
998 f f |a B56 .R3  |t 0  |l Evans: Library Stacks